Serenata del estrangulador / (Registro nro. 21)
[ vista simple ]
| 000 -LEADER | |
|---|---|
| fixed length control field | 01502nam a22002177a 4500 |
| 003 - CONTROL NUMBER IDENTIFIER | |
| control field | OSt |
| 005 - DATE AND TIME OF LATEST TRANSACTION | |
| control field | 20230706101807.0 |
| 008 - FIXED-LENGTH DATA ELEMENTS--GENERAL INFORMATION | |
| fixed length control field | 230705s2015 spa||||| |||| 00| 1 spa d |
| 020 ## - INTERNATIONAL STANDARD BOOK NUMBER | |
| International Standard Book Number | 9789500437172 |
| 040 ## - CATALOGING SOURCE | |
| Language of cataloging | spa |
| Transcribing agency | besoc |
| 100 1# - MAIN ENTRY--PERSONAL NAME | |
| Personal name | Irish, William |
| Dates associated with a name | (1903-1968) |
| Relator term | autor |
| 245 10 - TITLE STATEMENT | |
| Title | Serenata del estrangulador / |
| Statement of responsibility, etc. | William Irish ; traducción de María de Vértiz |
| 250 ## - EDITION STATEMENT | |
| Edition statement | 1a ed. |
| 260 ## - PUBLICATION, DISTRIBUTION, ETC. | |
| Place of publication, distribution, etc. | Buenos Aires : |
| Name of publisher, distributor, etc. | Emecé, |
| Date of publication, distribution, etc. | 2015 |
| 300 ## - PHYSICAL DESCRIPTION | |
| Extent | 303 p. |
| 490 ## - SERIES STATEMENT | |
| Series statement | El séptimo círculo / colección creada por Jorge Luis Borges y Adolfo Bioy Casares |
| 520 ## - SUMMARY, ETC. | |
| Summary, etc. | El detective Champ Prescott decide tomar unas vacaciones en un apacible lugar. A poco de llegar, se produce la primera muerte. A esta le suceden otras cinco igualmente misteriosas. El único factor común entre ellos es la melodía silbada que se escucha antes y después del crimen. Prescott deberá descubrir al asesino entre las pocas personas que lo rodean: la dueña de la casa, el tonto del pueblo, una joven pintora, el comisario y su hijo. Y esa música es la única pista, como el canto de las sirenas... "El sonido trajo una segunda nota, una tercera, una cuarta. Repentinamente se unieron todas hasta completar una tonada. Se repitió de nuevo más nítida que la primera vez, anunciando su proximidad. Ahora supo lo que vendría, después supo lo que causaba, lo que emitía" [Nota del editor]. |
| 650 #4 - SUBJECT ADDED ENTRY--TOPICAL TERM | |
| Topical term or geographic name entry element | Literatura norteamericana |
| Form subdivision | Novelas |
| Chronological subdivision | Siglo XX |
| 700 1# - ADDED ENTRY--PERSONAL NAME | |
| Personal name | Vértiz, María de |
| Relator term | traductor |
| 942 ## - ADDED ENTRY ELEMENTS (KOHA) | |
| Source of classification or shelving scheme | Universal Decimal Classification |
| Koha item type | Obra General |
| Suppress in OPAC | No |
| Withdrawn status | Lost status | Source of classification or shelving scheme | Damaged status | Not for loan | Collection | Home library | Current library | Date acquired | Total checkouts | Full call number | Barcode | Date last seen | Price effective from | Koha item type |
|---|---|---|---|---|---|---|---|---|---|---|---|---|---|---|
| Universal Decimal Classification | Colección General | Biblioteca Escuela de Ciencias Sociales | Biblioteca Escuela de Ciencias Sociales | 06/07/2023 | 82-312.4(73) IR68 | 000670 | 06/07/2023 | 06/07/2023 | Obra General |